Masques et mascarades (Record no. 10647)

MARC details
000 -CABECERA
campo de control de longitud fija 00895nam a2200265 a 4500
001 - NÚMERO DE CONTROL
campo de control BRL_1839
005 - FECHA Y HORA DE LA ÚLTIMA TRANSACCIÓN
campo de control 20190320211406.0
008 - DATOS DE LONGITUD FIJA--INFORMACIÓN GENERAL
campo de control de longitud fija 070815s1994----cn-o######---#000-0#fre-#
020 ## - NÚMERO INTERNACIONAL ESTÁNDAR DEL LIBRO
Número Internacional Estándar del Libro 2762117046
041 ## - CÓDIGO DE LENGUA
Código de lengua del texto/banda sonora o título independiente fre
044 ## - CÓDIGO DEL PAÍS DE LA ENTIDAD EDITORA/PRODUCTORA
Código MARC del país cn
050 #4 - SIGNATURA TOPOGRÁFICA DE LA BIBLIOTECA DEL CONGRESO
Número de clasificación GT1747
Número de documento/Ítem .M37 1994
245 10 - MENCIÓN DE TÍTULO
Título Masques et mascarades
Mención de responsabilidad, etc. sous la direction de Andrée Gendreau
260 ## - PUBLICACIÓN, DISTRIBUCIÓN, ETC.
Lugar de publicación, distribución, etc. Canada
Nombre del editor, distribuidor, etc. Fides : Musée de la Civilisation
Fecha de publicación, distribución, etc. 1994
300 ## - DESCRIPCIÓN FÍSICA
Extensión xi, 167 p.
Otras características físicas il.
Dimensiones 23 cm.
440 #0 - MENCIÓN DE SERIE/PUNTO DE ACCESO ADICIONAL--TÍTULO
Título Voir et savoir
9 (RLIN) 28016
500 ## - NOTA GENERAL
Nota general Au1793
500 ## - NOTA GENERAL
Nota general Cet ouvrage a été réalisé dans le cadre de l´exposition Masques et mascarades présentée au Musée de la civilisation du 1er févr. au 16 oct. 1994
504 ## - NOTA DE BIBLIOGRAFÍA, ETC.
Nota de bibliografía, etc. Bibliografía: p. 165-167
650 14 - PUNTO DE ACCESO ADICIONAL DE MATERIA--TÉRMINO DE MATERIA
Término de materia o nombre geográfico como elemento de entrada Mascaras
Subdivisión general Exposiciones
9 (RLIN) 28017
650 14 - PUNTO DE ACCESO ADICIONAL DE MATERIA--TÉRMINO DE MATERIA
Término de materia o nombre geográfico como elemento de entrada Carnaval
Subdivisión general Exposiciones
9 (RLIN) 28018
700 1# - PUNTO DE ACCESO ADICIONAL--NOMBRE DE PERSONA
Nombre de persona Gendreau, Andrée
Fechas asociadas al nombre 1943-
9 (RLIN) 28019
902 ## - CATALOGADOR
Iniciales GRL
942 ## - ELEMENTOS DE PUNTO DE ACCESO ADICIONAL (KOHA)
Fuente del sistema de clasificación o colocación Library of Congress Classification
Tipo de ítem Koha Libros
Holdings
Estado de retiro Estado de pérdida Estado dañado No para préstamo Localización permanente Ubicación/localización actual Fecha de adquisición Número de inventario Total de préstamos Signatura topográfica completa Código de barras Fecha visto por última vez Precio válido a partir de Tipo de ítem Koha
El ejemplar forma parte de la colección y puede ser consultado según las políticas vigentes.       Biblioteca Centro de Estudios Ruth D. Lechuga Biblioteca Centro de Estudios Ruth D. Lechuga 07/08/2015 Au1793   GT1747 .M37 1994 (Au1793) GRL02022 22/03/2019 22/03/2019 Libros